<?xml version="1.0" encoding="UTF-8"?>
<record
    xmlns:xsi="http://www.w3.org/2001/XMLSchema-instance"
    xsi:schemaLocation="http://www.loc.gov/MARC21/slim http://www.loc.gov/standards/marcxml/schema/MARC21slim.xsd"
    xmlns="http://www.loc.gov/MARC21/slim">

  <leader>00381nam a2200157   4500</leader>
  <controlfield tag="005">20260130123350.0</controlfield>
  <datafield tag="020" ind1=" " ind2=" ">
    <subfield code="a">9789395161480</subfield>
  </datafield>
  <datafield tag="082" ind1=" " ind2=" ">
    <subfield code="a">658.872</subfield>
    <subfield code="b">RIT.E</subfield>
  </datafield>
  <datafield tag="084" ind1=" " ind2=" ">
    <subfield code="2">Colon Classification</subfield>
  </datafield>
  <datafield tag="100" ind1=" " ind2=" ">
    <subfield code="a">Ritendra Goell</subfield>
    <subfield code="9">8838</subfield>
  </datafield>
  <datafield tag="245" ind1=" " ind2=" ">
    <subfield code="a">E-commerce</subfield>
  </datafield>
  <datafield tag="250" ind1=" " ind2=" ">
    <subfield code="a">2nd ed.</subfield>
  </datafield>
  <datafield tag="260" ind1=" " ind2=" ">
    <subfield code="a"> NewDelhi: </subfield>
    <subfield code="b">New Age International,</subfield>
    <subfield code="c"> 2023.</subfield>
  </datafield>
  <datafield tag="300" ind1=" " ind2=" ">
    <subfield code="a">200p.</subfield>
  </datafield>
  <datafield tag="942" ind1=" " ind2=" ">
    <subfield code="2">ddc</subfield>
    <subfield code="c"> GIF </subfield>
  </datafield>
  <datafield tag="999" ind1=" " ind2=" ">
    <subfield code="c">755546</subfield>
    <subfield code="d">755546</subfield>
  </datafield>
  <datafield tag="952" ind1=" " ind2=" ">
    <subfield code="0">0</subfield>
    <subfield code="1">0</subfield>
    <subfield code="2">ddc</subfield>
    <subfield code="4">0</subfield>
    <subfield code="7">0</subfield>
    <subfield code="a">CAMPUS</subfield>
    <subfield code="b">CAMPUS</subfield>
    <subfield code="c">GEN</subfield>
    <subfield code="d">2026-01-31</subfield>
    <subfield code="l">0</subfield>
    <subfield code="o">658.872 RIT.E</subfield>
    <subfield code="p">UCLG1041</subfield>
    <subfield code="r">2026-01-30 07:04:33</subfield>
    <subfield code="w">2026-01-30</subfield>
    <subfield code="y"> GIF </subfield>
  </datafield>
</record>
